Loading...
Taslima Nasrin ki kavitaiye /
| Hovedforfatter: | |
|---|---|
| Format: | Printed Book |
| Sprog: | Hindi |
| Udgivet: |
New Delhi:
Vani prakasan,
1998.
|
| Fag: |
| LEADER | 00569cam a2200181ua 4500 | ||
|---|---|---|---|
| 008 | 071221t1998||||||||||| 00 ||hin c | ||
| 041 | 0 | |a hin | |
| 082 | |a H891.441 |b TAS/T | ||
| 100 | 0 | |a Taslima Nasrin, | |
| 245 | 0 | 0 | |a Taslima Nasrin ki kavitaiye / |
| 260 | |a New Delhi: |b Vani prakasan, |c 1998. | ||
| 300 | |a 175p.. | ||
| 362 | 1 | |a 1998. | |
| 365 | |a Rs.95/. |e hb | ||
| 650 | 0 | |a Bangali poetry- Hindi translation | |
| 942 | |c BK | ||
| 999 | |c 16826 |d 16826 | ||
| 952 | |0 0 |1 0 |4 0 |6 H_891_441000000000000_TAS |7 0 |9 17552 |a KUCL |b KUCL |d 2014-05-23 |l 0 |o H891.441 TAS/ |p 09752 |r 2014-05-23 |w 2014-05-23 |y BK | ||